00381nam a22000977a 4500008004100000082001500041245010500056250002700161260008600188300000900274230606b xxu||||| |||| 00| 0 eng d a338.9bKEN aQuarterly Economic and Budgetary ReviewcOffice of the Deputy Prime Minister and Ministry of Finance a2nd Quarterb2009/2010 aKenyabOffice of the Deputy Prime Minister and Ministry of FinancecFebruary 2010 a34 p